| 000 | 00409nam a22001217a 4500 | ||
|---|---|---|---|
| 008 | 230608b xxu||||| |||| 00| 0 eng d | ||
| 082 |
_a613.096762 _b22RIN |
||
| 110 | _bPopulation Reference Bureau | ||
| 245 |
_aImproving the Reproductive Health of Sub-Saharan Africa's Youth _bA Route to Achieve the Millennium Development Goals |
||
| 260 |
_bPopulation Reference Bureau _c2010 |
||
| 300 | _a36p | ||
| 942 |
_2ddc _cBK |
||
| 999 |
_c824 _d824 |
||